00338 a2200109 450000100060000008200110000610000420001724500980005926000250015730000230018250000230020588153 aPR 377 aTassawar Amin; Abdul Munem Khan, Prof aNon linear contact analysis of Lug joints of wing fuselage attachment of JF-17 aircraftnG-62 aRisalpurbNUSTc2007 aix, 35 p.ewith CD aBE project reports